000 00440nam a2200097Ia 4500
005 20250424112844.0
008 250424s9999 xx 000 0 und d
300 _a35 p. :ill. ; 29cm.
650 _aComputers--Periodicals. Computer software--Periodicals. Computer networks--Periodicals. Multimedia systems--Periodicals. Internet--Periodicals. World Wide Web--Periodicals. Minicomputers--Periodicals. Microcomputers--Periodicals.
942 _cSR
999 _c37519
_d37519